000 00210nam a2200097Ia 4500
005 20251222114340.0
008 251222s1900||||xx |||||||||||||| ||spa||
082 _aDVD0095/F84/1993
245 0 _aBaraka:
942 _cDVD
999 _c817
_d817